Statistics for Paw Patrol

Click here to take the quiz!

General Stats

  • This quiz has been taken 857 times
    (831 since last reset)
  • The average score is 14 of 25

Answer Stats

HintAnswer% Correct
Police PupChase
96%
10-Year Old Boy leader of the Paw PatrolRyder
93%
Flying PupSkye
93%
Firefighter PupMarshall
90%
Construction PupRubble
88%
Snow Mountain PupEverest
85%
Eco PupRocky
85%
Water PupZuma
85%
Jungle PupTracker
64%
Name of town Paw Patrol LivesAdventure Bay
62%
Mayor of town Above^Mayor Goodway
60%
The Mayor's Beloved Pet ChickenChickaletta
53%
Boy who lives on mountain with Snow Mountain PupJake
52%
Young Boy in town who loves the Paw PatrolAlex
51%
Antagonist - The Mayor of Foggy BottomMayor Humdinger
49%
Pet groomer in town and girl friend of Paw PatrolKatie
45%
Sea Captain around townCaptain Turbot
39%
The above's CatCallie
35%
Boy who lives in jungle with Jungle PupCarlos
34%
Female FarmerFarmer Yumi
32%
His version of the Paw PatrolKitten Catastrophe Crew
32%
Grandfather of the Above, Also Town GrocerMr. Porter
31%
The above's French cousinFrancois
29%
"Super Pup" idolized by Paw PatrolApollo
27%
Male FarmerFarmer Al
26%

Score Distribution

Percentile by Number Answered

Percent of People with Each Score

Your Score History

You have not taken this quiz since the last reset